LEADER 01496oam 2200493zu 450 001 9910130904103321 005 20210807004639.0 010 $a1-118-66759-X 035 $a(CKB)3450000000004496 035 $a(SSID)ssj0000726743 035 $a(PQKBManifestationID)11464773 035 $a(PQKBTitleCode)TC0000726743 035 $a(PQKBWorkID)10683226 035 $a(PQKB)10601312 035 $a(PPN)189694882 035 $a(EXLCZ)993450000000004496 100 $a20160829d1989 uy 101 0 $aeng 181 $ctxt 182 $cc 183 $acr 200 00$aVolcanic hazards 210 31$a[Place of publication not identified]$cAmerican Geophysical Union$d1989 225 0 $aShort course in geology Volcanic hazards 300 $aBibliographic Level Mode of Issuance: Monograph 311 $a0-87590-705-9 606 $aVolcanoes 606 $aVolcanic hazard analysis 606 $aGeology$2HILCC 606 $aEarth & Environmental Sciences$2HILCC 606 $aDynamic & Structural Geology$2HILCC 615 0$aVolcanoes 615 0$aVolcanic hazard analysis 615 7$aGeology 615 7$aEarth & Environmental Sciences 615 7$aDynamic & Structural Geology 676 $a363.3/495 702 $aTilling$b Robert I 712 12$aInternational Geological Congress$d(28th :$f1989 :$eWashington, D.C.) 801 0$bPQKB 906 $aBOOK 912 $a9910130904103321 996 $aVolcanic hazards$91938595 997 $aUNINA LEADER 01104nam a22002411i 4500 001 991001893879707536 005 20040104143302.0 008 040407s1966 sz |||||||||||||||||fre 035 $ab12839437-39ule_inst 035 $aARCHE-081905$9ExL 040 $aDip.to Scienze Storiche$bita$cA.t.i. Arché s.c.r.l. Pandora Sicilia s.r.l. 082 04$a417.7 100 1 $aPoulle, Emmanuel$0169529 245 10$aPaleographie des écritures cursives en France du 15. au 17. siècle :$brecueil de fac-similes de documents parisiens avec leur transcription precede d'une introduction /$cEmmanuel Poull 260 $aGeneve :$bDroz,$c1966 300 $aXX, 60 p. ;$c25 cm +$e1 cartella (30 tav.) ;$c34 cm. 650 4$aPaleografia$zFrancia$ySec. 15.-17. 907 $a.b12839437$b02-04-14$c16-04-04 912 $a991001893879707536 945 $aLE009 STOR.10.0-2$g1$i2009000105898$lle009$o-$pE0.00$q-$rl$s- $t0$u0$v0$w0$x0$y.i13392700$z16-04-04 996 $aPaleographie des écritures cursives en France du 15. au 17. siècle$9297356 997 $aUNISALENTO 998 $ale009$b16-04-04$cm$da $e-$ffre$gsz $h0$i1 LEADER 00620cam 22001937i 4500 001 991004251335107536 005 20220919133431.0 008 941123s-------- e b ita 040 $aBibl. Interfacoltà T. Pellegrino$bita 082 $a230.1 100 0 $aTommaso : d'Aquino$c$0290144 245 1 $aDe regimine principum /$cTommaso di Aquino; traduzione e introduzione di Antero Meozzi 260 $aLanciano :$bCarabba,$c1933 300 $a208 p. ;$c20 cm 490 2 $aCultura dell'anima 700 1 $aMeozzi, Antero 912 $a991004251335107536 996 $aDe regimine principum$919494 997 $aUNISALENTO